1965 1946 1943 1749 1973 1503 1137 1240 1110 1793 1022 1136 1396 1234 1050 1536 1369 1254 1688 1230 1654 1249 1653 1531 1895 1059 1261 1900 1331 1523 1376 1396 1542 1057 1654 1890 1021 1098 1628 1439 1954 1439 1694 1873 1473 1406 1456 1595 1452 1226 1942 1414 1255 1638 1142 1405 1575 1312 1182 1294 1581 1506 1502 1034 1754 1061 1377 1658 1989 1515 1373 1227 1764 1217 1725 1603 1211 1342 1209 1669 1637 1658 1206 1646 1612 1325 1080 1933 1092 1791 1661 1122 1502 1586 1841 1675 1986 1492 1649 BCNSPRNW ULIB Ver.6.0+V

เปลี่ยนเป็นภาษาไทย

Change to English
 แสดงรายละเอียดบรรณานุกรม
  กลับหน้าหลัก

Brief Record : Get Marc (ISO 2709) : E-mail record : QR code < ปิดหน้าต่าง
LEADER : 00000nam 2200000uu 4500
001    13399123796
003     ULIB
008    141128s2555th 000 0 tha d
024    9789742533120
099    ^aนว.^bน472จ
100 0  ^aนายา
245 00 ^aเมื่อน้ำค้างสลาย^cนายา
250    ^aพิมพ์ครั้งที่ 1
260    ^aกรุงเทพฯ :^bเพื่อนดี,^c2555
300    ^a331 หน้า
945    ^p230^l0^i037270
999    ^aเกษร โพธิ์สุวรรณ
รายการนี้ยังไม่มีแท็ก
คุณยังไม่ได้ล็อกอิน คุณสามารถมีกิจกรรมร่วมกับเว็บไซต์ได้ แต่ต้องล็อกอินก่อน ::
  ล็อกอิน

รายการสื่อสารสนเทศ

ลำดับที่ ประเภท เลขเรียก/บาร์โค้ด สถานที่ สถานะ
1. นวนิยาย
นวนิยาย
นว. น472จ ฉ.1 
  Barcode: 037270
ห้องสมุดวิทยาเขตนครสวรรค์
►นวนิยาย:l:Fiction
บนชั้น
Note:อภินันทนาการโดย อาจารย์จุฑารัตน์ สว่างชัย

รายการใกล้เคียง
    ผู้แต่ง [นายา]

BibComment


ยังไม่เคยถูกคอมเมนท์

คอมเมนท์ทรัพยากรรายการนี้
  คอมเมนท์: เมื่อน้ำค้างสลาย..


 Copyright 2026. Bcnsprnw @Library